000
00211 a2200097 4500
001
14847
100
_a
Smith V.A
245
_a
the oxford history of India
260
_a
London
_b
Oxford
_c
090
_c
11618
_d
11618
942
_a
NUST-CAE
_c
M
_c
1801
999
_c
249920
_d
249920